000 00686nam a2200241Ia 4500
003 OSt
005 20221005060547.0
006 a|||||r|||| 00| 0
007 ta
008 221004b |||||||| |||| 00| 0 eng d
024 _a50282
037 _cTextual
040 _aCRL
_cCRL
_beng
041 _2eng
_aeng
082 _aO111,2J64:g, L1
100 _aFoakes R. A.
245 0 _aShakespeare the dark comedies to the last plays
_b from satire to celebration
260 _aLondon
_bRoutledge and Kegan Paul UK
_c1971
300 _a186p.
_ccm.
650 _aENGLISH LITERATURE
942 _hO111,2J64:g, L1
_cTEXL
_2cc
999 _c966884
_d966884